[Event "NOR-chB"]
[Site "Oslo"]
[Date "2023.07.04"]
[Round "5"]
[White "Bechstrom, Henrik"]
[Black "Myhre, Jo Berger"]
[Result "1-0"]
[WhiteElo "1548"]
[BlackElo "1479"]
[PlyCount "71"]
[EventDate "2023.06.30"]
[EventType "swiss"]
[EventRounds "9"]
[EventCountry "NOR"]
[SourceTitle "EXT 2024"]
[Source "ChessBase"]
[SourceDate "2023.10.10"]
[SourceVersion "1"]
[SourceVersionDate "2023.10.10"]
[SourceQuality "1"]

1. e4 c6 2. Nc3 d5 3. Nf3 dxe4 4. Nxe4 Nf6 5. Qe2 Nxe4 6. Qxe4 Nd7 7. Bc4 e6 8. d4 Nf6 9. Qe2 Bd6 10. 0-0 0-0 11. c3 Qc7 12. a4 Re8 13. Bd3 e5 14. dxe5 Bg4 15. exd6 Qxd6 16. Qc2 Bxf3 17. gxf3 Re5 18. Bf4 Rae8 19. Rad1 Qe6 20. Bxe5 Qxe5 21. Rfe1 Qg5+ 22. Kh1 Rxe1+ 23. Rxe1 g6 24. Qe2 Nd5 25. Qe8+ Kg7 26. Qe5+ Qxe5 27. Rxe5 Kf6 28. Re4 g5 29. Re8 h6 30. Ra8 Nf4 31. Bc4 a6 32. Ra7 b5 33. Bf1 Ke6 34. Rxa6 Kd5 35. axb5 cxb5 36. Rxh6 1-0